000 01148nam a22003137a 4500
003 URS
005 20250313162358.0
008 250219b |||||||| |||| 00| 0 eng d
020 _a9786210800371
040 _benq
_cURS
_dURS
_erda
050 0 _aGV 481
_bP5691 2023
100 1 _aFrigillana, Ahli I.
_eauthor
245 1 0 _aPhysical activities towards health and fitness 1 (Pathfit 1) :
_cAhli I. Frigillana, Maria Loraine J. Nieva, Margarita V. Tapang, April May S. Bonoan.
_bMovement competency training /
264 1 _aMalabon City
_bMutya Publishing House, Inc.
_c[2023]
264 4 _c© 2023
300 _avii, 120 pages ;
_c25 cm
_billustrations ;
336 _2rdacontent
_atext
_btxt
337 _2rdamedia
_aunmediated
_bn
338 _2rdacarrier
_avolume
_bnc
504 _aIncludes bibliographical references
650 0 _aPhysical fitness
650 0 _aHealth promotion
650 0 _aPhysical education and training
700 1 _aNieva, Maria Loraine J.
_eauthor
700 1 _aTapang, Margarita V.
_eauthor
700 1 _aBonoan, April May S.
_eauthor
710 2 _aMutya Publishing House, Inc.
_epublisher
942 _2lcc
_cF
999 _c82294
_d82293